| 000 | 01044nam a2200193 u 4500 | ||
|---|---|---|---|
| 001 | 000005056 | ||
| 005 | 20240320074001.0 | ||
| 008 | 090729s1996 dr r 001 0 spa d | ||
| 040 |
_aDO-SdBNP _bspa _cBNPHU |
||
| 082 |
_a355.347 _bB446o |
||
| 100 | 1 |
_aBello Peguero, Rafael, _d1932-2022 _92405 |
|
| 245 | 1 | 0 |
_aEl obispado castrense de la República Dominicana / : _bRafael Bello Peguero; editor. |
| 260 |
_aSanto Domingo : _bAmigo del Hogar, _c1996. |
||
| 300 |
_a111 p. ; _c23 cm. |
||
| 500 | _aIncluye índice | ||
| 500 | _aIncluye referencias bibliográficas | ||
| 505 | 2 | _aComposición de la Diócesis castrense de la República Dominicana (1996) -- Constitución apostólica Spirituali militum curae (1986) -- Documentos Vicariato castrense (1972) -- Nombramientos castrenses (1958-1993) -- Las capellanías castrenses en el proceso histórico de la República Dominicana -- Relación de los capellanes castrenses y de la policía nacional (1 de marzo 1996). | |
| 650 | 4 |
_aCapellanes militares _zRepública Dominicana _xIglesia catolica _914542 |
|
| 999 |
_c4860 _d4860 |
||